| 000 | 01303nam a2200277 a 4500 | ||
|---|---|---|---|
| 003 | OSt | ||
| 005 | 20230822144530.0 | ||
| 007 | cr ||||||a|c|a | ||
| 008 | 230725b2023 mx a|||fom||| 001 0 spa d | ||
| 040 | _erda | ||
| 100 | 1 |
_9187668 _aHernández Aguilera, Rubí Giovanna |
|
| 245 | 1 |
_aMorfo-anatomía foliar y de la madera de chrysactinia mexicana A. Gray (asteraceae : tageteae) en un gradiente latitudinal / _cpor Rubí Giovanna Hernández Aguilera ; director de tesis Jorge Alberto Gutiérrez Gallegos. |
|
| 264 | 1 |
_aChapingo, México : _bEl autor, _c2023. |
|
| 300 |
_a1 recurso en línea ( 56 páginas): _btablas, figuras. |
||
| 336 |
_2rdacontent _atexto _btxt |
||
| 337 |
_2rdamedia _acomputadora _bc |
||
| 338 |
_2rdacarrier _arecurso en línea _bcr |
||
| 502 |
_bIRF _cDICIFO _d2023. _gLIC |
||
| 504 | _aIncluye referencias bibliográficas: páginas 38-46. | ||
| 650 | 4 |
_9187669 _aChrysactinia mexicana _xDistribución geográfica |
|
| 650 | 4 |
_9187670 _aChrysactinia mexicana _xFisiología y morfología |
|
| 650 | 4 |
_9145276 _aIndice de área foliar |
|
| 700 | 1 |
_9187677 _aGutiérrez Gallegos, Jorge Alberto _eDirector de tesis. |
|
| 856 |
_uhttp://10.13.5.2/tesis/tl/1511084-4_Hernandez_Aguilera_Rubi_Giovanna.pdf _zDESCARGAR PDF |
||
| 942 |
_2Clasificación Universidad Autónoma Chapingo _cTD |
||
| 999 |
_c219073 _d219073 |
||